Five Letter Geography - Q - Statistics

General Stats
  • This quiz has been taken 48 times
  • The average score is 5 of 10
Answer Stats
Hint Answer % Correct
Country located on the Arabian peninsula Qatar
100%
Capital city of the country Ecuador Quito
96%
The religious book of Islam, brought by prophet Muhammed Quran
87%
Sudden release of energy in the Earth's crust Earth{quake}
67%
A unit of liquid volume, often used in hydrology measurements Quart
64%
Coloid hydrogel consisting of fine granular material {Quick}sand
64%
Used in physical geography to discuss particle physics in Earth's core Quark
24%
An ancient underground tunnel system used for irrigation in arid regions Qanat
4%
The direction towards the city Mecca Qibla
4%
Historical currency of Iran that was in circulation between 1825 and 1932 Qiran
2%
No matching quizzes found
Score Distribution
Percent of People with Each Score
Percentile by Number Answered
Your Score History
You have not taken this quiz